| 000 | 00519nam a2200169Ia 4500 | ||
|---|---|---|---|
| 999 |
_c12908 _d12908 |
||
| 003 | OSt | ||
| 005 | 20201014154053.0 | ||
| 008 | 190216s9999||||xx |||||||||||||| ||und|| | ||
| 040 | _coclc | ||
| 082 |
_a810.80052 _bOLI/A |
||
| 100 |
_aOliver, Egbert S _94639 |
||
| 245 | 3 |
_aAn Anthology American Literature 1890-1965 / _cEgbert S Oliver |
|
| 260 |
_bEurasia Pub-Ltd, _c1977. _aNew Delhi: |
||
| 300 | _a595p | ||
| 650 | _aEnglish Literature | ||
| 942 |
_cBK _2ddc _h810.80052 _iOLV/A _k810.80052 _mOLV/A |
||